Concepto filosófico-médico de la enfermedad y sus indicaciones terapeúticas (Record no. 128083)

MARC details
000 -LEADER
campo de control de longitud fija 00680nam a2200181 4500
001 - NÚMERO DE CONTROL
campo de control 128083
003 - IDENTIFICADOR DE NÚMERO DE CONTROL
campo de control ES-MaACL
005 - FECHA Y HORA DE LA ÚLTIMA TRANSACCIÓN
campo de control 20250717081029.0
007 - CAMPO FIJO DE DESCRIPCIÓN FÍSICA--INFORMACIÓN GENERAL
campo de control de longitud fija t|
008 - DATOS DE LONGITUD FIJA--INFORMACIÓN GENERAL
campo de control de longitud fija 070214s1917 sp r ||||1| spa d
100 1# - ENTRADA PRINCIPAL--NOMBRE DE PERSONA
Nombre de persona Roa Erostarbe, Casimiro.
9 (RLIN) 97768
245 10 - MENCIÓN DEL TÍTULO
Título Concepto filosófico-médico de la enfermedad y sus indicaciones terapeúticas
Resto del título : tesis del doctorado en Medicina /
Mención de responsabilidad, etc. escrita por... Casimiro Roa y Erostarbe.
260 ## - PUBLICACIÓN, DISTRIBUCIÓN, ETC.
Lugar de publicación, distribución, etc. Madrid :
Nombre del editor, distribuidor, etc. [s. n.],
Fecha de publicación, distribución, etc. 1917.
500 ## - NOTA GENERAL
Nota general Tesis de doctorado leída en la Universidad Central en 1916.
710 2# - ENTRADA AGREGADA--NOMBRE DE ENTIDAD CORPORATIVA
Nombre de entidad corporativa o nombre de jurisdicción como elemento de entrada Universidad Central (Madrid).
Unidad subordinada Facultad de Medicina
9 (RLIN) 7093
852 ## - LOCALIZACIÓN
Ubicación ES-MaACL
Número de control de estantería 1514-F-15
Holdings
Estatus retirado Estado de pérdida Estado de daño No para préstamo Colección Biblioteca de origen Biblioteca actual Ubicación en estantería Fecha de adquisición Fuente de adquisición Total de préstamos Signatura topográfica completa Código de barras Visto por última vez Precio de reemplazo Tipo de ítem Koha
        Colección de folletos Biblioteca del Ateneo de Madrid Biblioteca del Ateneo de Madrid Depósito folletos 17/01/2008     1514-F-15 1133401 23/02/2023 23/02/2023 Folleto